[Event "Ghent Taminco op 38th"]
[Site "Ghent"]
[Date "2015.07.18"]
[Round "1"]
[White "Burnay, Gerard"]
[Black "Van Mechelen, Jan"]
[Result "1/2-1/2"]
[WhiteElo "1768"]
[BlackElo "2243"]
[PlyCount "67"]
[EventDate "2015.07.18"]
[EventType "swiss"]
[EventRounds "9"]
[EventCountry "BEL"]
[SourceTitle "CBM 167 Extra"]
[Source "ChessBase"]
[SourceDate "2015.09.14"]
[SourceVersion "1"]
[SourceVersionDate "2015.09.14"]
[SourceQuality "1"]

1. d4 Nf6 2. c4 e6 3. Nc3 Bb4 4. e3 b6 5. Bd3 Bb7 6. f3 c5 7. Nge2 cxd4 8. exd4 0-0 9. 0-0 d5 10. cxd5 Nxd5 11. a3 Be7 12. Nxd5 Qxd5 13. Be3 Nc6 14. Qd2 Rfd8 15. Rfd1 Bf6 16. Be4 Qd7 17. Kh1 Na5 18. Qd3 Bxe4 19. fxe4 Rac8 20. Rac1 Rxc1 21. Rxc1 Nc6 22. Rd1 Ne5 23. Qb3 Ng4 24. h3 Nxe3 25. Qxe3 h6 26. Qb3 Qb7 27. Qf3 Qa6 28. Qd3 Qa4 29. Rc1 Bxd4 30. Rc4 Qa6 31. Nxd4 e5 32. Qc3 exd4 33. Rxd4 Rc8 34. Qd2 1/2-1/2

[Event "Leuven op 24th"]
[Site "Leuven"]
[Date "2012.11.01"]
[Round "1"]
[White "Docx, Stefan"]
[Black "Burnay, Gerard"]
[Result "1/2-1/2"]
[WhiteElo "2422"]
[BlackElo "1819"]
[PlyCount "91"]
[EventDate "2012.11.01"]
[EventType "swiss"]
[EventRounds "7"]
[EventCountry "BEL"]
[SourceTitle "EXT 2013"]
[Source "ChessBase"]
[SourceDate "2012.11.22"]
[SourceVersion "1"]
[SourceVersionDate "2012.11.22"]
[SourceQuality "1"]

1. c4 Nf6 2. g3 c6 3. Nf3 d5 4. Bg2 Bf5 5. cxd5 cxd5 6. Qb3 Qc8 7. Nc3 e6 8. d3 Nc6 9. Bf4 Nh5 10. Be3 Bd6 11. 0-0 0-0 12. Rac1 Qd7 13. Na4 b6 14. Qb5 Ne5 15. Qxd7 Nxd7 16. Rc6 Be7 17. Rfc1 Rfd8 18. Bd4 Nhf6 19. a3 Ne8 20. b4 Bd6 21. Bb2 h6 22. Nd2 b5 23. e4 Bg6 24. Nc3 Ne5 25. Nxb5 Nxc6 26. Rxc6 a6 27. Nxd6 Nxd6 28. exd5 exd5 29. Bxd5 Rac8 30. Rxa6 Rc2 31. Nc4 Nxc4 32. Bxc4 Bxd3 33. Bxd3 Rxd3 34. Be5 Rdd2 35. Kg2 Rxf2+ 36. Kh3 h5 37. g4 f6 38. Bg3 hxg4+ 39. Kxg4 Rc4+ 40. Kh3 Ra2 41. b5 f5 42. Be5 Re4 43. b6 Rxe5 44. b7 Rb5 45. Ra8+ Kh7 46. b8Q 1/2-1/2

[Event "Ghent Taminco op 35th"]
[Site "Ghent"]
[Date "2012.07.14"]
[Round "1"]
[White "Van der Stricht, Geert"]
[Black "Burnay, Gerard"]
[Result "1-0"]
[WhiteElo "2412"]
[BlackElo "1836"]
[PlyCount "119"]
[EventDate "2012.07.14"]
[EventType "swiss"]
[EventRounds "9"]
[EventCountry "BEL"]
[SourceTitle "CBM 149 Extra"]
[Source "ChessBase"]
[SourceDate "2012.08.24"]
[SourceVersion "1"]
[SourceVersionDate "2012.08.24"]
[SourceQuality "1"]

1. d4 d5 2. c4 e6 3. Nf3 Nf6 4. Nc3 Be7 5. Bf4 c6 6. e3 Nbd7 7. Qc2 0-0 8. Bd3 dxc4 9. Bxc4 b5 10. Bd3 Bb7 11. 0-0 b4 12. Ne4 Nxe4 13. Bxe4 Nf6 14. Bd3 Rc8 15. Rfd1 h6 16. Qa4 Qb6 17. Ne5 Rfd8 18. Nc4 Qb5 19. Qxa7 Ra8 20. Qb6 Nd5 21. Qxb5 cxb5 22. Ne5 Nxf4 23. exf4 Ra5 24. Rac1 Bd6 25. Bb1 Ra6 26. f3 Bb8 27. Kf1 Rad6 28. Be4 Bd5 29. Bxd5 Rxd5 30. Nc6 Bxf4 31. Nxd8 Bxc1 32. Nc6 Bg5 33. Nxb4 Rd7 34. Ke2 Bf6 35. Ke3 g5 36. Rd3 Bd8 37. Rc3 Bb6 38. Rc8+ Kg7 39. Nc6 e5 40. Ke4 exd4 41. Kd3 Bc7 42. g3 h5 43. b3 h4 44. gxh4 gxh4 45. h3 Kf6 46. a4 bxa4 47. bxa4 Kf5 48. a5 Kf4 49. a6 Bb6 50. Rb8 Bc5 51. Rb5 Ba7 52. Rb7 Rd6 53. Rxf7+ Kg3 54. Nxa7 Rxa6 55. Nb5 Kxh3 56. Rg7 Kh2 57. Nxd4 h3 58. f4 Kh1 59. Nf3 Ra3+ 60. Ke4 1-0

[Event "Leuven op 23rd"]
[Site "Leuven"]
[Date "2011.11.11"]
[Round "2"]
[White "Tomov, Georgi"]
[Black "Burnay, Gerard"]
[Result "1-0"]
[WhiteElo "2267"]
[BlackElo "1884"]
[PlyCount "75"]
[EventDate "2011.11.10"]
[EventType "swiss"]
[EventRounds "7"]
[EventCountry "BEL"]
[SourceTitle "CBM 145 Extra"]
[Source "ChessBase"]
[SourceDate "2012.01.03"]
[SourceVersion "1"]
[SourceVersionDate "2012.01.03"]
[SourceQuality "1"]

1. Nf3 Nf6 2. c4 g6 3. Nc3 Bg7 4. e4 d6 5. d4 0-0 6. Be2 e5 7. Be3 Nc6 8. d5 Ne7 9. Nd2 Nd7 10. g4 f5 11. gxf5 gxf5 12. Bg5 Nf6 13. Rg1 Kh8 14. Qc2 fxe4 15. Ndxe4 Bf5 16. 0-0-0 Qd7 17. h4 h6 18. Bxf6 Bxf6 19. Qd2 Bg7 20. Rg2 Ng8 21. Rdg1 Rf7 22. Bh5 Re7 23. Bg6 Rf8 24. h5 Bxg6 25. Rxg6 Qf5 26. Qe2 Qf3 27. Kd1 Rf4 28. Qxf3 Rxf3 29. Ke2 Rf5 30. c5 dxc5 31. Nxc5 b6 32. Ne6 Rff7 33. Nb5 a6 34. Nbxc7 Rxc7 35. Nxc7 Rxc7 36. d6 Rd7 37. Rxg7 Nf6 38. R7g6 1-0

[Event "Brussels FEFB op"]
[Site "Brussels"]
[Date "2011.06.02"]
[Round "2"]
[White "Burnay, Gerard"]
[Black "Fox, Pierre"]
[Result "1-0"]
[WhiteElo "1922"]
[BlackElo "1750"]
[PlyCount "106"]
[EventDate "2011.06.01"]
[EventType "swiss"]
[EventRounds "7"]
[EventCountry "BEL"]
[SourceTitle "EXT 2015"]
[Source "ChessBase"]
[SourceDate "2014.11.20"]
[SourceVersion "1"]
[SourceVersionDate "2014.11.20"]
[SourceQuality "1"]

1. e4 e5 2. Nf3 Nc6 3. Bb5 g6 4. 0-0 Bg7 5. c3 Nge7 6. d4 exd4 7. cxd4 d5 8. exd5 Nxd5 9. Re1+ Be6 10. Ng5 Qf6 11. Nxe6 fxe6 12. Bxc6+ bxc6 13. Qg4 0-0 14. Qxe6+ Qxe6 15. Rxe6 Bxd4 16. Re2 Rab8 17. Na3 g5 18. Rb1 h6 19. Be3 c5 20. Bxd4 cxd4 21. Rc1 Nf4 22. Rd2 Rfe8 23. Kf1 d3 24. g3 Re2 25. Rcd1 Rxd2 26. Rxd2 Ne2 27. Nc4 Nc1 28. a3 Rb3 29. Ne5 Kg7 30. Rd1 Kf6 31. Nd7+ Ke7 32. Nc5 Rxb2 33. Rxc1 Rc2 34. Nxd3 Rxc1+ 35. Nxc1 Kd6 36. Nd3 Kd5 37. Ke2 c5 38. Ke3 a5 39. f4 c4 40. fxg5 hxg5 41. h4 cxd3 42. Kxd3 g4 43. h5 Ke5 44. h6 Kf6 45. h7 Kg7 46. Ke4 Kxh7 47. Kf4 Kg7 48. Kxg4 Kg6 49. a4 Kh6 50. Kf5 Kh7 51. Kf6 Kh6 52. g4 Kh7 53. g5 Kh8 1-0

[Event "BEL-ch op"]
[Site "Westerlo"]
[Date "2010.07.06"]
[Round "4"]
[White "Burnay, Gerard"]
[Black "Beukema, Stefan"]
[Result "0-1"]
[WhiteElo "1938"]
[BlackElo "2084"]
[PlyCount "96"]
[EventDate "2010.07.03"]
[EventType "swiss"]
[EventRounds "9"]
[EventCountry "BEL"]
[SourceTitle "CBM 137 Extra"]
[Source "ChessBase"]
[SourceDate "2010.09.01"]
[SourceVersion "1"]
[SourceVersionDate "2010.09.01"]
[SourceQuality "1"]

1. e4 e5 2. Nf3 Nc6 3. Bb5 a6 4. Ba4 Nf6 5. 0-0 Be7 6. Re1 b5 7. Bb3 d6 8. c3 0-0 9. h3 Na5 10. Bc2 c5 11. d4 Qc7 12. Nbd2 cxd4 13. cxd4 Nc6 14. d5 Nb4 15. Bb1 a5 16. a3 Na6 17. Nf1 Nc5 18. b3 Bd7 19. Bb2 b4 20. axb4 axb4 21. Rxa8 Rxa8 22. N1d2 Bb5 23. Nc4 Bxc4 24. bxc4 Na4 25. Qb3 Nxb2 26. Qxb2 Qxc4 27. Rc1 Qb5 28. Qc2 Nd7 29. Nd2 Nc5 30. Nb3 Ra3 31. Nxc5 dxc5 32. Qd2 Bd6 33. g3 c4 34. Qe2 Ra1 35. Qb2 Ra4 36. Kg2 b3 37. Qc3 Qb4 38. Qb2 Qa3 39. Qc3 Qa1 40. Qd2 b2 41. Rf1 Qa3 42. f4 c3 43. Qc2 Rd4 44. Rf2 exf4 45. gxf4 Bxf4 46. Kf1 Qa6+ 47. Kg2 Qg6+ 48. Kf1 Qg3 0-1

[Event "BEL FEFB-ch op"]
[Site "Fontaine l'Eveque"]
[Date "2010.05.14"]
[Round "4"]
[White "Burnay, Gerard"]
[Black "Barbarossa, Frederic"]
[Result "1-0"]
[WhiteElo "1945"]
[BlackElo "1583"]
[PlyCount "69"]
[EventDate "2010.05.12"]
[EventType "swiss"]
[EventRounds "7"]
[EventCountry "BEL"]
[SourceTitle "EXT 2019"]
[Source "ChessBase"]
[SourceDate "2018.10.10"]
[SourceVersion "1"]
[SourceVersionDate "2018.10.10"]
[SourceQuality "1"]

1. e4 e5 2. Nf3 Nf6 3. Nxe5 d6 4. Nf3 Nxe4 5. d3 Nf6 6. d4 d5 7. Bg5 Be7 8. Bd3 0-0 9. 0-0 Re8 10. Re1 Ne4 11. Bxe7 Rxe7 12. Nbd2 f5 13. c4 c6 14. Rc1 b6 15. cxd5 cxd5 16. Ne5 Bb7 17. f3 Nd6 18. Qb3 Nd7 19. Qa3 Nf7 20. f4 g6 21. Re2 Nf6 22. Nc6 Rxe2 23. Nxd8 Rxd2 24. Nxb7 Ng4 25. Re1 Nf2 26. Bb1 Ne4 27. Bxe4 fxe4 28. Nd6 a5 29. Nxf7 Kxf7 30. Qd6 Rxd4 31. Rc1 Re8 32. Rc7+ Kg8 33. Qd7 Rd1+ 34. Kf2 e3+ 35. Kg3 1-0

[Event "Avoine op 23rd"]
[Site "Avoine"]
[Date "2008.07.24"]
[Round "6"]
[White "Bry, Stephane"]
[Black "Burnay, Gerard"]
[Result "1-0"]
[WhiteElo "2076"]
[BlackElo "1805"]
[PlyCount "87"]
[EventDate "2008.07.19"]
[EventType "swiss"]
[EventRounds "9"]
[EventCountry "FRA"]
[SourceTitle "CBM 125 Extra"]
[Source "ChessBase"]
[SourceDate "2008.09.01"]
[SourceVersion "1"]
[SourceVersionDate "2008.09.01"]
[SourceQuality "1"]

1. e4 c5 2. Nf3 Nc6 3. Bb5 g6 4. 0-0 Bg7 5. c3 e5 6. Na3 Nge7 7. d3 a6 8. Ba4 b5 9. Bc2 Bb7 10. Be3 d6 11. d4 cxd4 12. cxd4 0-0 13. d5 Nb8 14. Rc1 Nd7 15. Bd3 Nb6 16. Nc2 Rc8 17. Nb4 h6 18. Nd2 Na4 19. Rxc8 Qxc8 20. Qb1 Qa8 21. Nb3 a5 22. Nc2 Ba6 23. Nxa5 f5 24. f3 Nc5 25. Nb4 Rc8 26. Rc1 f4 27. Bxc5 dxc5 28. Nbc6 Nxc6 29. Nxc6 Rxc6 30. dxc6 Qxc6 31. b3 Bf8 32. Qc2 Qb6 33. Kh1 Kg7 34. a4 bxa4 35. Bxa6 Qxa6 36. bxa4 Kf6 37. Qc4 Qd6 38. a5 Qb8 39. a6 g5 40. Ra1 Qb2 41. Qc1 Qb8 42. a7 Qa8 43. Qc4 Bd6 44. Qd5 1-0

[Event "Leuven op 19th"]
[Site "Leuven"]
[Date "2007.??.??"]
[Round "2"]
[White "Wiley, Tom E"]
[Black "Burnay, Gerard"]
[Result "1/2-1/2"]
[WhiteElo "2330"]
[BlackElo "1860"]
[PlyCount "108"]
[EventDate "2007.11.??"]
[EventType "swiss"]
[EventRounds "7"]
[EventCountry "BEL"]
[SourceTitle "EXT 2010"]
[Source "ChessBase"]
[SourceDate "2010.11.25"]
[SourceVersion "1"]
[SourceVersionDate "2010.11.25"]
[SourceQuality "1"]

1. d4 Nf6 2. c4 e6 3. Nc3 Bb4 4. Qc2 c5 5. dxc5 Bxc5 6. Nf3 h6 7. a3 a5 8. Bf4 d6 9. Rd1 Qe7 10. Na4 Nh5 11. Nxc5 Nxf4 12. Ne4 0-0 13. Nxd6 Nc6 14. g3 Ng6 15. Bg2 e5 16. 0-0 Be6 17. c5 a4 18. Qc3 f5 19. Rfe1 f4 20. Nd2 fxg3 21. hxg3 h5 22. Qd3 Qf6 23. N2e4 Qe7 24. Nxb7 h4 25. Nbd6 Nd4 26. Rf1 Rab8 27. Nd2 Qg5 28. N2c4 Rb3 29. Qd2 Qh5 30. Rde1 Bg4 31. Nxe5 Qxe5 32. f4 Nxe2+ 33. Rxe2 Qxe2 34. Qxe2 Bxe2 35. Bd5+ Kh7 36. Bxb3 Bxf1 37. Bxa4 Bh3 38. gxh4 Rxf4 39. Bc2 Kh6 40. b4 Ne5 41. Be4 Ng4 42. Bg2 Bxg2 43. Kxg2 Ne5 44. b5 Nd7 45. c6 Nb6 46. c7 Rf8 47. a4 Ra8 48. Kf3 Kh5 49. a5 Rxa5 50. Nc4 Rxb5 51. Nxb6 Rb3+ 52. Kg2 Rc3 53. c8Q Rxc8 54. Nxc8 Kxh4 1/2-1/2

[Event "Geraardsbergen op"]
[Site "Geraardsbergen"]
[Date "2003.08.15"]
[Round "4"]
[White "Bruynooghe, Stefaan"]
[Black "Burnay, Gerard"]
[Result "1/2-1/2"]
[WhiteElo "2090"]
[BlackElo "1892"]
[PlyCount "91"]
[EventDate "2003.08.??"]
[EventType "swiss"]
[EventRounds "7"]
[EventCountry "BEL"]
[SourceTitle "EXT 2005"]
[Source "ChessBase"]
[SourceDate "2004.11.15"]
[SourceVersion "1"]
[SourceVersionDate "2004.11.15"]
[SourceQuality "1"]

1. d4 Nf6 2. c4 e6 3. Nc3 Bb4 4. a3 Bxc3+ 5. bxc3 c5 6. Nf3 0-0 7. Qc2 d6 8. e4 Nc6 9. d5 Ne7 10. Bg5 Ng6 11. h4 h6 12. h5 Ne5 13. Bh4 b6 14. Nxe5 dxe5 15. f3 Qc7 16. Bd3 Ne8 17. Bf2 Nd6 18. f4 exd5 19. cxd5 exf4 20. 0-0-0 c4 21. Be2 f6 22. Rhg1 Re8 23. Bf3 f5 24. e5 Rxe5 25. Rge1 Re4 26. Bxe4 fxe4 27. g3 Bg4 28. gxf4 Bxd1 29. Qxd1 Qd7 30. Bd4 Rf8 31. Rg1 Rf7 32. Be5 b5 33. Qc2 a5 34. Rg6 Nb7 35. Qxe4 Nc5 36. Qg2 Nd3+ 37. Kb1 Nxf4 38. Bxf4 Rxf4 39. Re6 Qf7 40. Re2 Qxh5 41. d6 Qf5+ 42. Kb2 Rf1 43. Re8+ Kh7 44. Qxf1 Qxf1 45. d7 Qf2+ 46. Ka1 1/2-1/2

[Event "Charleroi op 1st"]
[Site "Charleroi"]
[Date "2002.08.21"]
[Round "5"]
[White "Burnay, Gerard"]
[Black "De Smet, Karl B"]
[Result "1-0"]
[WhiteElo "1915"]
[BlackElo "1757"]
[PlyCount "31"]
[EventDate "2002.08.17"]
[EventType "swiss"]
[EventRounds "7"]
[EventCountry "BEL"]
[SourceTitle "EXT 2003"]
[Source "ChessBase"]
[SourceDate "2002.11.25"]
[SourceVersion "1"]
[SourceVersionDate "2002.11.25"]
[SourceQuality "1"]

1. e4 d6 2. d4 Nf6 3. Nc3 g6 4. f4 Bg7 5. Nf3 0-0 6. e5 Nfd7 7. h4 h5 8. Bd3 dxe5 9. fxe5 c5 10. e6 fxe6 11. Bxg6 cxd4 12. Ne4 Nc6 13. Nfg5 Nf6 14. Nxf6+ exf6 15. Qxh5 Bh6 16. Bf7+ 1-0

[Event "Leuven op"]
[Site "Leuven"]
[Date "1994.??.??"]
[Round "?"]
[White "De Wachter, Stefan"]
[Black "Burnay, Gerard"]
[Result "1-0"]
[WhiteElo "2135"]
[BlackElo "1920"]
[PlyCount "109"]
[EventDate "1994.11.??"]
[EventType "swiss"]
[EventRounds "7"]
[EventCountry "BEL"]
[SourceTitle "EXT 2006"]
[Source "ChessBase"]
[SourceDate "2005.11.24"]
[SourceVersion "1"]
[SourceVersionDate "2005.11.24"]
[SourceQuality "1"]

1. e4 c5 2. Nc3 Nc6 3. g3 g6 4. Bg2 Bg7 5. d3 e6 6. Be3 d6 7. f4 Nge7 8. Nf3 Nd4 9. 0-0 0-0 10. e5 Nef5 11. Bf2 d5 12. Ne2 Nxf3+ 13. Bxf3 d4 14. c3 Ne3 15. Bxe3 dxe3 16. d4 cxd4 17. Qxd4 Qxd4 18. Nxd4 Bd7 19. Rae1 Rab8 20. Rxe3 Rfc8 21. Rd1 Be8 22. Bg2 Bf8 23. Red3 b5 24. a3 Bc5 25. h4 h5 26. Kh2 a5 27. Nb3 Bb6 28. Nd2 Bc5 29. Ne4 Be7 30. b4 axb4 31. axb4 Rc7 32. Ra1 Bc6 33. Nd6 Bxg2 34. Kxg2 Rd7 35. Ra5 Bd8 36. Ra6 Kf8 37. Kf3 Ke7 38. Ke2 Bc7 39. Ra7 Bxd6 40. Rxd7+ Kxd7 41. Rxd6+ Kc7 42. Ra6 Kb7 43. Ra1 Rc8 44. Kd3 Rd8+ 45. Kc2 Rd7 46. Rd1 Rc7 47. Rd4 Kb6 48. Kb3 Kb7 49. c4 bxc4+ 50. Rxc4 Rd7 51. Kc3 Kb6 52. Rc8 Kb7 53. Rf8 Kb6 54. Kc4 Rc7+ 55. Kb3 1-0